| 000 | 00615nam a2200241 a 4500 | ||
|---|---|---|---|
| 001 | nice12345678 | ||
| 003 | IN_TiNIC | ||
| 005 | 20260116011458.0 | ||
| 008 | 050524s1944 laha grp 000 0 eng | ||
| 020 |
_a _c100 |
||
| 082 | 0 | 0 |
_a181.07 _bDAR |
| 100 | _aDar, Bashir Ahmad | ||
| 245 | _aStudy of in Iqbal`s Philosophy | ||
| 260 |
_aLahore _bSh. Muhammad Ashraf _c1944 |
||
| 300 | _a422p | ||
| 500 | _aincludes index and biblioraphy | ||
| 505 | 2 | _aAppendex, Bibliography, Index | |
| 650 | _aPhilosophy-Islamic-Iqbal | ||
| 700 | 1 | _aDar, Bashir Ahmad | |
| 902 | _bSRS | ||
| 942 | _cBK | ||
| 999 |
_c1897 _d1897 |
||